Vedanta in practice (Record no. 165210)

MARC details
000 -LEADER
fixed length control field 00345nam a2200145Ia 4500
008 - FIXED-LENGTH DATA ELEMENTS--GENERAL INFORMATION
fixed length control field 231217s9999 xx 000 0 und d
041 ## - LANGUAGE CODE
Language code of text/sound track or separate title English
082 ## - DEWEY DECIMAL CLASSIFICATION NUMBER
Classification number 294.5921 PAR
100 ## - MAIN ENTRY--PERSONAL NAME
Personal name Paramananda, Swami
245 #0 - TITLE STATEMENT
Title Vedanta in practice
260 ## - PUBLICATION, DISTRIBUTION, ETC.
Date of publication, distribution, etc. 1974
Name of publisher, distributor, etc. Ramakrishna Math, Madras
300 ## - PHYSICAL DESCRIPTION
Extent 110
650 ## - SUBJECT ADDED ENTRY--TOPICAL TERM
Topical term or geographic name entry element Vedanta
942 ## - ADDED ENTRY ELEMENTS (KOHA)
Koha item type Books
Holdings
Date last seen Total checkouts Full call number Accession number Cost, total (INR) price Price effective from Category Lost status Damaged status Department Withdrawn status Home library Current library Entry date Vendor Cost, normal purchase price Grants Billnumber Billdate Currency symbol Conversion rate Discount Old discount
26/01/2024   294.5921 PAR 10477 5.95 26/01/2024 Books     Central Library   Central Library Central Library 04/12/1997 Ramakrishna Mata 7.00 GEN WF0046 15/05/2000 RS 1 1.05 15

© For any Suggestions or Query, please contact the library staff @ librarian@pes.edu or Phone: +9180 2672 1983/ 2108.